000 00980nam a22002897a 4500
001 BR7500680
003 BR-BrBNA
005 20230928084724.0
007 ta
008 230509b bl.||||| |||| 00| 0 por d
040 _aBR-BrBNA
_bpor
_cBiblioteca Nacional de Agricultura
041 _a(Por)
072 _aL30
090 _ L30 BR7500680
100 1 _aIslabao, N.
110 1 _aUniversidade Federal de Vicosa, MG (Brasil)
_0Tese (Doctor Scientiae)
245 1 _aEfeito do tratamento quimico com hidroxido de sodio e de suplementacoes sobre o valor nutritivo de volumosos [Materia seca]
260 3 _aVicosa, MG (Brasil):
_c1975.
300 _a112 p.
500 _a30 tables; 7 graphs; 39 ref.; Summary (Por). (*) Documento disponível na(o) Universidade Federal de Vicosa, MG (Brazil)
650 _aNutricao animal
650 _aMateria seca
650 _aValor nutritivo
650 _aHidroxido de sodio
909 _a202309
_bLucia
_c55
_dLucia Elande
942 _cBK
999 _c20711
_d20711